[Event "TUR Cup										"]
[Site "Antalya"]
[Date "2018.01.27"]
[Round "1"]
[White "Nacar, Arif"]
[Black "Koker, Turan Sevki"]
[Result "0-1"]
[WhiteElo "1369"]
[BlackElo "1849"]
[PlyCount "86"]
[EventDate "2018.01.27"]
[EventType "swiss"]
[EventRounds "11"]
[EventCountry "TUR"]
[SourceTitle "CBM 182 Extra"]
[Source "ChessBase"]
[SourceDate "2018.02.23"]
[SourceVersion "1"]
[SourceVersionDate "2018.02.23"]
[SourceQuality "1"]

1. e4 e5 2. Ne2 Nf6 3. Nbc3 Bc5 4. h3 d5 5. exd5 Nxd5 6. Ne4 Be7 7. c4 Nb4 8. N2g3 N8c6 9. a3 Nd3+ 10. Bxd3 Qxd3 11. Qe2 Qb3 12. 0-0 Be6 13. d3 Rd8 14. Nh5 0-0 15. Nxg7 Kxg7 16. Qh5 Kh8 17. Bg5 f6 18. Qh6 fxg5 19. Qxe6 Qxd3 20. f3 Qd7 21. Qh6 Qf5 22. Qh5 Nd4 23. b4 Ne2+ 24. Kf2 Nf4 25. Qg4 Qxg4 26. hxg4 Rd4 27. c5 b6 28. cxb6 cxb6 29. Rh1 Rc4 30. Ra2 Rfc8 31. Rd2 Rc2 32. Rhd1 a5 33. g3 Ne6 34. bxa5 bxa5 35. a4 Nd4 36. Ke3 Rxd2 37. Rxd2 Rb8 38. f4 Rb3+ 39. Kf2 gxf4 40. gxf4 Rf3+ 41. Kg2 Rxf4 42. Nf2 Bh4 43. Rb2 Rxf2+ 0-1